00374nam a2200169Ia 4500003000900000008004100009040001300050040001300063041000800076100002100084245004900105250001200154260001500166260000900181300000800190490000600198IT-RoPAU120407s9999 xx 000 0 und d aIT-RoPAU cIT-RoPAU aita aHubertus Halbfas aPsicologia e didattica della nuova catechesi aTorino  aElle Di Ci c1969 c cm v1